|
|
|
|
| LEADER |
00000cam a2200000 4500 |
| 001 |
vtls011976440 |
| 003 |
SK-MaSNL |
| 005 |
20260301145538.0 |
| 008 |
220509s2019 xo da grnp 000 0 eng |
| 015 |
|
|
|a SNBA2021/03
|
| 020 |
|
|
|a 9788055334165
|q (brožované)
|
| 035 |
|
|
|a urn:nbn:sk:snk-am00gdx5
|
| 035 |
|
|
|a urn:nbn:sk:snk-am3j6c6
|
| 035 |
|
|
|a E09AE5BF-4B42-47CF-942A-3980FD7F91C0
|
| 040 |
|
|
|a SNK
|b slo
|c SNK
|e rda
|
| 041 |
0 |
|
|a eng
|
| 044 |
|
|
|a xo
|c SK
|
| 072 |
|
7 |
|a 621
|x Strojárstvo
|2 konspekt
|
| 080 |
|
|
|a 621.746
|2 2011
|
| 080 |
|
|
|a 621.74
|2 2011
|
| 080 |
|
|
|a 621.762
|2 2011
|
| 080 |
|
|
|a 621.791
|2 2011
|
| 080 |
|
|
|a 669.146
|2 2011
|
| 080 |
|
|
|a (075.8)
|2 2011
|
| 100 |
1 |
|
|a Spišák, Emil,
|d 1955-
|4 aut
|9 114494
|
| 245 |
1 |
0 |
|a Production technologies - casting, welding and joining
|c Emil Spišák, Ľuboš Kaščák, Janka Majerníková
|
| 250 |
|
|
|a Vydanie prvé
|
| 264 |
|
1 |
|a Košice
|b Technická univerzita v Košiciach, Strojnícka fakulta
|c 2019
|
| 300 |
|
|
|a 155 strán
|b grafy, ilustrácie
|
| 336 |
|
|
|a text
|b txt
|2 rdacontent
|
| 337 |
|
|
|a bez média
|b n
|2 rdamedia
|
| 338 |
|
|
|a zväzok
|b nc
|2 rdacarrier
|
| 366 |
|
|
|e 100 kusov
|
| 490 |
1 |
|
|a Edícia študijnej literatúry
|
| 504 |
|
|
|a Obsahuje bibliografiu
|
| 650 |
0 |
7 |
|a odlievanie kovov
|2 SNKPH
|9 107705
|
| 650 |
0 |
7 |
|a zlievarenstvo
|2 SNKPH
|9 67317
|
| 650 |
0 |
7 |
|a prášková metalurgia
|2 SNKPH
|9 86852
|
| 650 |
0 |
7 |
|a zváranie
|2 SNKPH
|9 1839
|
| 650 |
0 |
7 |
|a spracovanie ocele
|2 SNK
|9 99605
|
| 650 |
0 |
7 |
|a Founding
|2 SNKPHeng
|9 300887
|
| 650 |
0 |
7 |
|a Powder metallurgy
|2 SNKPHeng
|9 266882
|
| 650 |
0 |
7 |
|a Welding
|2 SNKPHeng
|9 267090
|
| 650 |
0 |
7 |
|a Steel processing
|2 SNKPHeng
|9 314596
|
| 655 |
|
7 |
|a učebnice vysokých škôl
|2 SNKPH
|9 70191
|
| 655 |
|
7 |
|a Textbooks (higher)
|2 SNKPHeng
|9 276436
|
| 700 |
1 |
|
|a Kaščák, Ľuboš,
|d 1974-
|4 aut
|9 157590
|
| 700 |
1 |
|
|a Majerníková, Janka,
|d 1966-
|4 aut
|9 52174
|
| 810 |
2 |
|
|a Technická univerzita v Košiciach.
|b Strojnícka fakulta
|t Edícia študijnej literatúry
|9 312999
|
| 919 |
|
|
|a 978-80-553-3416-5
|
| 958 |
|
|
|a NB
|
| 999 |
|
|
|c 780539
|d 782469
|
| 952 |
|
|
|a SNK
|b SNK
|y PREZ
|7 0
|p 17A1427501
|o snkSC 189132
|i snk2020/11223
|8 0
|0 0
|1 0
|4 0
|d 2020-06-24
|f 1
|l 0
|r 2025-10-06 00:00:00
|w 2026-02-24
|
| 952 |
|
|
|a SNK
|b SNK
|y VYP
|7 0
|p 17A1427502
|o snkSC 189132 D1
|i snk2020/11224
|8 0
|0 0
|1 0
|4 0
|d 2020-06-24
|l 0
|r 2026-02-24 01:03:09
|w 2026-02-24
|